000 00732nam a2200253Ia 4500
003 OSt
005 20220926012828.0
006 a|||||r|||| 00| 0
007 ta
008 220923b |||||||| |||| 00| 0 eng d
020 _a0824010035
037 _cGeneral Book
040 _aRTL
_cRTL
_beng
041 _2eng
_aeng
082 _aX:53.73.N, L4
100 _aEverett Alexander
_9317320
245 0 _aJournal of the proceedings of the friends of domes
260 _aNew York
_bGarland Publishing
_c1974
300 _a197+43p
_ccm.
490 _aGarland Series, the American Economists
650 _aUnited States
942 _hX:53.73.N, L4
_cGB
_2CC
999 _c624434
_d624434